| 000 | 01825nam a2200409 c 4500 | ||
|---|---|---|---|
| 003 | BLK | ||
| 005 | 20241024111939.0 | ||
| 008 | 180407b bul|||||r ||||||| ||bul|| | ||
| 010 | _aKNG00034625000 | ||
| 020 |
_a954-8168-09-5 _bиздат.: Руен |
||
| 040 | _aBLK | ||
| 041 |
_aBUL _cBUL |
||
| 080 |
_aБългарска литература _b821.163.2 _x(092)(093.3) _z821.163.2(092)(093.3) |
||
| 080 |
_aБългарска литература _b821.163.2 _x-94 _z821.163.2-94 |
||
| 080 |
_aБългарски поет _b929 Пенев, Пеньо Митев _x _z929 Пенев, Пеньо Митев |
||
| 100 | 1 |
_aСтефанов, Делчо _eпърви автор _gГороламов, Делчо Стефанов _9241728 |
|
| 700 | 1 |
_aГороламов, Делчо Стефанов _e* _9271946 |
|
| 139 |
_aСтефанов, Делчо _bС 75 |
||
| 245 | 1 | 0 |
_aСпомени за Пеньо Пенев _bПовест _cДелчо Стефанов; * Делчо Стефанов Гороламов. |
| 257 | _aBGR | ||
| 260 |
_ас. Болярово, Ямболско _bРуен _c2000 _fПловдив : Полиграфия |
||
| 300 |
_a28 с., 2 л. _bсн. _c19 см |
||
| 380 | _aX | ||
| 500 | _aПълното име на авт. е Делчо Стефанов Гороламов. - Офс. изд. - 6 000 тир. | ||
| 600 | 0 |
_aПенев, Пеньо Митев _d1930 - 1959 _9258226 |
|
| 650 | 4 |
_aПоети, български - спомени _9245048 |
|
| 651 | 4 |
_aБългария _9241624 |
|
| 653 | _aспомени | ||
| 653 | _aПеньо Пенев | ||
| 653 | _aбългарски поети | ||
| 852 | _aЦб 206801 | ||
| 856 | 4 |
_qpdf _u |
|
| 856 | 4 |
_qpdf _u |
|
| 942 |
_cKNG _n0 |
||
| 944 |
_aCR _c15.01.2003 _k30545 _lНора Радева |
||
| 944 |
_aED _c14.12.2007 _k |
||
| 999 |
_c31957 _d31957 |
||